[Event "SRB-chT2 East CS"]
[Site "Kragujevac"]
[Date "2016.10.08"]
[Round "10.3"]
[White "Panic, Milan"]
[Black "Markovic, Marko"]
[Result "0-1"]
[WhiteElo "2288"]
[BlackElo "2226"]
[PlyCount "58"]
[EventDate "2016.08.26"]
[EventType "team-tourn"]
[EventRounds "11"]
[EventCountry "SRB"]
[SourceTitle "EXT 2021"]
[Source "ChessBase"]
[SourceDate "2020.10.23"]
[SourceVersion "1"]
[SourceVersionDate "2020.10.23"]
[SourceQuality "1"]

1. e4 d6 2. d4 Nf6 3. Nc3 e5 4. Nf3 Nbd7 5. Bc4 Be7 6. 0-0 0-0 7. a4 c6 8. h3 Nxe4 9. Nxe4 d5 10. Re1 dxe4 11. Rxe4 exd4 12. Qe2 Bf6 13. Bxf7+ Kh8 14. Ba2 Nc5 15. Rf4 d3 16. Qe3 b6 17. cxd3 Re8 18. Qd2 Nxd3 19. Rxf6 gxf6 20. Qc3 Be6 21. Bxe6 Rxe6 22. Be3 Ne5 23. Nd4 Rd6 24. f4 c5 25. Nf5 Rd3 26. Qe1 Qd7 27. Ng3 Nc4 28. Bf2 Re8 29. Qf1 Nd2 0-1

[Event "SRB-chT2 East CS"]
[Site "Kragujevac"]
[Date "2016.10.06"]
[Round "6.3"]
[White "Panic, Milan"]
[Black "Livaja, Mario"]
[Result "1/2-1/2"]
[WhiteElo "2288"]
[BlackElo "2218"]
[PlyCount "71"]
[EventDate "2016.08.26"]
[EventType "team-tourn"]
[EventRounds "11"]
[EventCountry "SRB"]
[SourceTitle "EXT 2021"]
[Source "ChessBase"]
[SourceDate "2020.10.23"]
[SourceVersion "1"]
[SourceVersionDate "2020.10.23"]
[SourceQuality "1"]

1. c4 e5 2. g3 Bc5 3. Bg2 Nc6 4. Nc3 d6 5. e3 a6 6. Nge2 Nge7 7. b3 0-0 8. 0-0 Bf5 9. d4 Ba7 10. Bb2 Qd7 11. Nd5 Rae8 12. dxe5 Nxd5 13. Qxd5 Nxe5 14. Qxb7 Bc5 15. Bxe5 Rxe5 16. Qxa6 Bd3 17. Nf4 Bxf1 18. Rxf1 Rb8 19. Nd3 Re7 20. Qc6 Qxc6 21. Bxc6 Rb6 22. Bg2 Ba3 23. Rb1 g5 24. b4 c5 25. b5 Ra7 26. Bd5 Kg7 27. Kf1 Ra4 28. Ke2 f5 29. Kd1 Kf6 30. Kc2 Bb4 31. Nxb4 cxb4 32. Rb2 Ra3 33. Kb1 Ra4 34. Rd2 g4 35. Kb2 Ra3 36. Rd4 1/2-1/2

[Event "SRB-chT3 East"]
[Site "Serbia"]
[Date "2015.10.15"]
[Round "6.22"]
[White "Marinkovic, Velibor"]
[Black "Panic, Milan"]
[Result "1/2-1/2"]
[WhiteElo "2090"]
[BlackElo "2281"]
[PlyCount "50"]
[EventDate "2015.09.06"]
[EventType "team-tourn"]
[EventRounds "11"]
[EventCountry "SRB"]
[SourceTitle "EXT 2022"]
[Source "ChessBase"]
[SourceDate "2021.10.06"]
[SourceVersion "1"]
[SourceVersionDate "2021.10.06"]
[SourceQuality "1"]

1. e4 e5 2. Nf3 Nc6 3. Bb5 a6 4. Ba4 Nf6 5. 0-0 Be7 6. Re1 b5 7. Bb3 d6 8. c3 0-0 9. h3 Nb8 10. d4 Nbd7 11. Nbd2 Bb7 12. Bc2 Re8 13. Nf1 Bf8 14. Ng3 g6 15. b3 c6 16. Bb2 Qc7 17. Nh2 Bg7 18. Qd2 Rad8 19. Rad1 d5 20. exd5 Nxd5 21. Ng4 exd4 22. cxd4 Qf4 23. Qa5 Qc7 24. Qd2 Qf4 25. Qa5 Qc7 1/2-1/2

[Event "SRB-chT2 East CS"]
[Site "Serbia"]
[Date "2011.10.14"]
[Round "7.52"]
[White "Panic, Milan"]
[Black "Paunovic, Tomislav"]
[Result "1/2-1/2"]
[WhiteElo "2265"]
[BlackElo "2349"]
[PlyCount "25"]
[EventDate "2011.09.11"]
[EventType "team"]
[EventRounds "11"]
[EventCountry "SRB"]
[SourceTitle "EXT 2015"]
[Source "ChessBase"]
[SourceDate "2014.11.20"]
[SourceVersion "1"]
[SourceVersionDate "2014.11.20"]
[SourceQuality "1"]

1. e4 g6 2. d4 Bg7 3. Nf3 c6 4. Nc3 d5 5. h3 Nh6 6. Bd3 f6 7. 0-0 Nf7 8. Bf4 e5 9. dxe5 fxe5 10. Bg3 0-0 11. Qe2 d4 12. Nb1 Be6 13. Nbd2 1/2-1/2

[Event "SRB-chT2 East CS"]
[Site "Serbia"]
[Date "2011.10.13"]
[Round "6.52"]
[White "Stankovic, Ivan G"]
[Black "Panic, Milan"]
[Result "1/2-1/2"]
[WhiteElo "2201"]
[BlackElo "2265"]
[PlyCount "23"]
[EventDate "2011.09.11"]
[EventType "team"]
[EventRounds "11"]
[EventCountry "SRB"]
[SourceTitle "EXT 2015"]
[Source "ChessBase"]
[SourceDate "2014.11.20"]
[SourceVersion "1"]
[SourceVersionDate "2014.11.20"]
[SourceQuality "1"]

1. Nf3 Nf6 2. c4 c5 3. Nc3 Nc6 4. e3 e6 5. d4 d5 6. Be2 Bd6 7. 0-0 0-0 8. dxc5 Bxc5 9. cxd5 exd5 10. b3 Re8 11. Bb2 a6 12. Na4 1/2-1/2

[Event "SRB-chT2 East"]
[Site "Serbia"]
[Date "2010.10.10"]
[Round "5"]
[White "Panic, Milan"]
[Black "Nesic, Nebojsa"]
[Result "0-1"]
[WhiteElo "2249"]
[BlackElo "2138"]
[PlyCount "58"]
[EventDate "2010.09.11"]
[EventType "team"]
[EventRounds "11"]
[EventCountry "SRB"]
[SourceTitle "EXT 2012"]
[Source "ChessBase"]
[SourceDate "2011.11.24"]
[SourceVersion "1"]
[SourceVersionDate "2011.11.24"]
[SourceQuality "1"]

1. d4 Nf6 2. c4 g6 3. Nc3 d5 4. cxd5 Nxd5 5. e4 Nxc3 6. bxc3 Bg7 7. Nf3 c5 8. Rb1 Nc6 9. d5 Ne5 10. Nxe5 Bxe5 11. Qd2 Qa5 12. Bb5+ Kf8 13. Rb3 g5 14. 0-0 Rg8 15. Qe2 a6 16. Bd3 Qc7 17. g3 b5 18. c4 b4 19. Qh5 a5 20. Be2 Ra6 21. Bg4 Rag6 22. Rf3 Bxg4 23. Qxg4 Rf6 24. Rxf6 Bxf6 25. Be3 a4 26. Re1 b3 27. axb3 axb3 28. Qf5 b2 29. Rb1 Qe5 0-1

[Event "SRB-chT2 East"]
[Site "Pozarevac"]
[Date "2009.10.09"]
[Round "7.1"]
[White "Mitrovic, Darko R"]
[Black "Panic, Milan"]
[Result "1-0"]
[WhiteElo "2343"]
[BlackElo "2225"]
[PlyCount "51"]
[EventDate "2009.09.06"]
[EventType "team"]
[EventRounds "11"]
[EventCountry "SRB"]
[SourceTitle "EXT 2012"]
[Source "ChessBase"]
[SourceDate "2011.11.24"]
[SourceVersion "1"]
[SourceVersionDate "2011.11.24"]
[SourceQuality "1"]

1. e4 e5 2. Nf3 Nc6 3. Bb5 a6 4. Ba4 Nf6 5. 0-0 Be7 6. Re1 b5 7. Bb3 0-0 8. h3 Bb7 9. d3 d5 10. exd5 Nxd5 11. Nxe5 Nd4 12. Nc3 Nxc3 13. bxc3 Nxb3 14. axb3 Bf6 15. Bf4 Qd5 16. Qg4 h5 17. Qg3 Bh4 18. Qf3 Qxf3 19. Nxf3 Bxf3 20. gxf3 c5 21. c4 Rfe8 22. Rxe8+ Rxe8 23. Be3 Re6 24. Bxc5 bxc4 25. bxc4 Rf6 26. Kf1 1-0

[Event "SRB-chT2 East"]
[Site "Pozarevac"]
[Date "2009.10.09"]
[Round "8.2"]
[White "Panic, Milan"]
[Black "Jovic, Stanoje"]
[Result "1/2-1/2"]
[WhiteElo "2225"]
[BlackElo "2294"]
[PlyCount "39"]
[EventDate "2009.09.06"]
[EventType "team"]
[EventRounds "11"]
[EventCountry "SRB"]
[SourceTitle "EXT 2012"]
[Source "ChessBase"]
[SourceDate "2011.11.24"]
[SourceVersion "1"]
[SourceVersionDate "2011.11.24"]
[SourceQuality "1"]

1. e4 c6 2. d4 d5 3. exd5 cxd5 4. c4 Nf6 5. Nc3 Nc6 6. Nf3 Bg4 7. cxd5 Nxd5 8. Qb3 Bxf3 9. gxf3 Nb6 10. Be3 e6 11. 0-0-0 Be7 12. d5 exd5 13. Nxd5 Nxd5 14. Rxd5 Qc7 15. Kb1 0-0 16. f4 Rfd8 17. Bg2 Rxd5 18. Bxd5 Bf6 19. Rd1 Rd8 20. Rd3 1/2-1/2

[Event "SRB-chT2 East"]
[Site "Pozarevac"]
[Date "2009.09.27"]
[Round "4.4"]
[White "Dmitrovic, Tomislav"]
[Black "Panic, Milan"]
[Result "1/2-1/2"]
[WhiteElo "2279"]
[BlackElo "2225"]
[PlyCount "20"]
[EventDate "2009.09.06"]
[EventType "team"]
[EventRounds "11"]
[EventCountry "SRB"]
[SourceTitle "EXT 2012"]
[Source "ChessBase"]
[SourceDate "2011.11.24"]
[SourceVersion "1"]
[SourceVersionDate "2011.11.24"]
[SourceQuality "1"]

1. b3 d5 2. Nf3 Bf5 3. Bb2 Nd7 4. g3 Ngf6 5. Bg2 c6 6. 0-0 e6 7. d3 h6 8. c4 Be7 9. Nbd2 0-0 10. a3 a5 1/2-1/2

[Event "SRB-chT2 East"]
[Site "Pozarevac"]
[Date "2009.09.20"]
[Round "3.4"]
[White "Panic, Milan"]
[Black "Cvetanovic, Uros"]
[Result "1-0"]
[WhiteElo "2225"]
[BlackElo "2164"]
[PlyCount "86"]
[EventDate "2009.09.06"]
[EventType "team"]
[EventRounds "11"]
[EventCountry "SRB"]
[SourceTitle "EXT 2012"]
[Source "ChessBase"]
[SourceDate "2011.11.24"]
[SourceVersion "1"]
[SourceVersionDate "2011.11.24"]
[SourceQuality "1"]

1. d4 Nf6 2. c4 e6 3. Nf3 b6 4. g3 Bb7 5. Bg2 Be7 6. 0-0 0-0 7. Re1 d6 8. Nc3 Ne4 9. Qc2 Nxc3 10. Ng5 Bxg5 11. Bxb7 Nxe2+ 12. Rxe2 Bxc1 13. Rxc1 Nd7 14. Bxa8 Qxa8 15. Qe4 Nf6 16. Qxa8 Rxa8 17. Rc3 d5 18. c5 Ne4 19. Ra3 Kf8 20. f3 Nf6 21. cxb6 cxb6 22. Rc2 Ne8 23. Rc6 b5 24. Rac3 Rb8 25. Rc8 Rb7 26. Ra8 Ke7 27. Ra3 Nd6 28. R3xa7 Rxa7 29. Rxa7+ Ke8 30. g4 Nc4 31. b3 Ne3 32. Rb7 Nc2 33. Rxb5 Nxd4 34. Rb8+ Ke7 35. Kf2 e5 36. a4 Kd6 37. b4 g6 38. a5 Kc7 39. Rf8 f5 40. gxf5 gxf5 41. Rf7+ Kb8 42. a6 e4 43. b5 Nxb5 1-0

[Event "SRB-chT2 East"]
[Site "Golubac"]
[Date "2008.10.16"]
[Round "6.3"]
[White "Panic, Milan"]
[Black "Milovanovic, Srboljub"]
[Result "1-0"]
[WhiteElo "2200"]
[BlackElo "2229"]
[PlyCount "58"]
[EventDate "2008.09.14"]
[EventType "team"]
[EventRounds "11"]
[EventCountry "SRB"]
[SourceTitle "EXT 2012"]
[Source "ChessBase"]
[SourceDate "2011.11.24"]
[SourceVersion "1"]
[SourceVersionDate "2011.11.24"]
[SourceQuality "1"]

1. e4 c5 2. Nf3 Nc6 3. d4 cxd4 4. Nxd4 Nf6 5. Nc3 Qb6 6. Nb3 e6 7. Qe2 d6 8. Be3 Qc7 9. g4 Be7 10. g5 Nd7 11. 0-0-0 a6 12. f4 b5 13. Bg2 Bb7 14. Kb1 Nb6 15. Nd5 exd5 16. exd5 Na7 17. Bd4 0-0 18. Be4 g6 19. h4 Rfe8 20. h5 Bf8 21. hxg6 fxg6 22. Qd3 Rxe4 23. Qxe4 Nxd5 24. Qe6+ Qf7 25. Qxf7+ Kxf7 26. Rxh7+ Ke6 27. Bxa7 Ne7 28. Re1+ Kd7 29. Bd4 Bd5 1-0

[Event "SRB-chT2 East"]
[Site "Golubac"]
[Date "2008.10.12"]
[Round "5.1"]
[White "Dmitrovic, Tomislav"]
[Black "Panic, Milan"]
[Result "1/2-1/2"]
[WhiteElo "2272"]
[BlackElo "2200"]
[PlyCount "22"]
[EventDate "2008.09.14"]
[EventType "team"]
[EventRounds "11"]
[EventCountry "SRB"]
[SourceTitle "EXT 2012"]
[Source "ChessBase"]
[SourceDate "2011.11.24"]
[SourceVersion "1"]
[SourceVersionDate "2011.11.24"]
[SourceQuality "1"]

1. d4 d5 2. Nf3 c5 3. c3 Nf6 4. Bf4 Nc6 5. e3 Qb6 6. Qb3 c4 7. Qc2 Bf5 8. Qc1 h6 9. Nbd2 e6 10. Be2 Be7 11. 0-0 0-0 1/2-1/2

[Event "SRB-chT2 East"]
[Site "Serbia"]
[Date "2007.10.07"]
[Round "5.5"]
[White "Vojinovic, Goran"]
[Black "Panic, Milan"]
[Result "1-0"]
[WhiteElo "2463"]
[BlackElo "2203"]
[PlyCount "64"]
[EventDate "2007.09.09"]
[EventType "team"]
[EventRounds "11"]
[EventCountry "SRB"]
[SourceTitle "EXT 2012"]
[Source "ChessBase"]
[SourceDate "2011.11.24"]
[SourceVersion "1"]
[SourceVersionDate "2011.11.24"]
[SourceQuality "1"]
[WhiteTeam "Jagodina MMM"]
[BlackTeam "Bor"]
[WhiteTeamCountry "SRB"]
[BlackTeamCountry "SRB"]

1. d4 Nf6 2. c4 e6 3. Nf3 b6 4. g3 Ba6 5. Nbd2 Bb4 6. Qc2 0-0 7. Bg2 c6 8. 0-0 d5 9. Rd1 Bb7 10. b3 Nbd7 11. Bb2 Rc8 12. Rac1 Qe7 13. e4 Rfd8 14. e5 Ne8 15. Nb1 c5 16. a3 Ba5 17. dxc5 bxc5 18. cxd5 Bxd5 19. Nbd2 Rb8 20. Nc4 Bc7 21. Bc3 Nb6 22. Ncd2 Nd7 23. Rb1 Rdc8 24. Re1 h6 25. Bf1 Nb6 26. Ne4 Bd8 27. Nfd2 Qb7 28. Ba1 Be7 29. Nc3 Bc6 30. Nde4 Nd7 31. Nd2 Nb6 32. Nce4 Bd5 1-0

[Event "SRB-chT2 East"]
[Site "Serbia"]
[Date "2007.09.30"]
[Round "4.6"]
[White "Panic, Milan"]
[Black "Radosavljevic, Slobodan D"]
[Result "1/2-1/2"]
[WhiteElo "2203"]
[BlackElo "2247"]
[PlyCount "76"]
[EventDate "2007.09.09"]
[EventType "team"]
[EventRounds "11"]
[EventCountry "SRB"]
[SourceTitle "EXT 2012"]
[Source "ChessBase"]
[SourceDate "2011.11.24"]
[SourceVersion "1"]
[SourceVersionDate "2011.11.24"]
[SourceQuality "1"]
[WhiteTeam "Bor"]
[BlackTeam "Jagodina Kablovi"]
[WhiteTeamCountry "SRB"]
[BlackTeamCountry "SRB"]

1. d4 Nf6 2. c4 c5 3. d5 g6 4. Nc3 Bg7 5. e4 d6 6. Bd3 0-0 7. h3 e6 8. Nf3 exd5 9. exd5 Re8+ 10. Be3 Bh6 11. 0-0 Bxe3 12. fxe3 Qe7 13. e4 Nbd7 14. Qd2 Kg7 15. Rf2 Rf8 16. Raf1 Ne8 17. Qe3 Ne5 18. Nxe5 Qxe5 19. Ne2 Bd7 20. Nf4 Nf6 21. Bc2 Bf5 22. Nd3 Qxe4 23. Qg3 Qd4 24. Qxd6 Ne4 25. Qe5+ Qxe5 26. Nxe5 Nxf2 27. Bxf5 gxf5 28. Rxf2 Rad8 29. Rxf5 Rd6 30. b3 b5 31. g4 bxc4 32. bxc4 h6 33. Kg2 Ra6 34. Rf2 f6 35. Nd3 Rc8 36. h4 Ra4 37. Rc2 Ra3 38. Nf4 Kf7 1/2-1/2

[Event "SRB-chT2 East"]
[Site "Serbia"]
[Date "2006.09.23"]
[Round "3.5"]
[White "Panic, Milan"]
[Black "Popovic, Djordje D"]
[Result "1-0"]
[WhiteElo "2167"]
[BlackElo "2312"]
[PlyCount "71"]
[EventDate "2006.09.09"]
[EventType "team"]
[EventRounds "11"]
[EventCountry "SRB"]
[SourceTitle "EXT 2012"]
[Source "ChessBase"]
[SourceDate "2011.11.24"]
[SourceVersion "1"]
[SourceVersionDate "2011.11.24"]
[SourceQuality "1"]

1. Nf3 c5 2. c4 Nf6 3. Nc3 b6 4. g3 Bb7 5. Bg2 e6 6. 0-0 d6 7. d4 cxd4 8. Qxd4 a6 9. Rd1 Nbd7 10. Ng5 Bxg2 11. Kxg2 Qc7 12. Nge4 Rc8 13. b3 b5 14. Nxd6+ Bxd6 15. Qxd6 Qb7+ 16. f3 Rc6 17. Qb4 Qc7 18. Ba3 Nb6 19. Rac1 bxc4 20. e4 h5 21. Ne2 e5 22. Nc3 h4 23. Nd5 Nbxd5 24. exd5 Rb6 25. Rxc4 Rxb4 26. Rxc7 Kd8 27. Ra7 Rb8 28. Rc1 hxg3 29. hxg3 e4 30. Be7+ Ke8 31. fxe4 Nxe4 32. Re1 f5 33. d6 Rh6 34. Rd1 Nxd6 35. Bxd6 Rd8 36. Re1+ 1-0

[Event "SRB-chT2 East"]
[Site "Serbia"]
[Date "2006.09.09"]
[Round "1.6"]
[White "Panic, Milan"]
[Black "Milenkovic, Mladen"]
[Result "0-1"]
[WhiteElo "2167"]
[BlackElo "2349"]
[PlyCount "68"]
[EventDate "2006.09.09"]
[EventType "team"]
[EventRounds "11"]
[EventCountry "SRB"]
[SourceTitle "EXT 2012"]
[Source "ChessBase"]
[SourceDate "2011.11.24"]
[SourceVersion "1"]
[SourceVersionDate "2011.11.24"]
[SourceQuality "1"]

1. e4 c5 2. Nf3 d6 3. d4 cxd4 4. Nxd4 Nf6 5. Nc3 g6 6. Be3 Bg7 7. Be2 0-0 8. 0-0 Nc6 9. Qd2 Bd7 10. Rfd1 Nxd4 11. Bxd4 Bc6 12. f3 Qc7 13. a4 Rfd8 14. Nb5 Bxb5 15. axb5 Nd7 16. Bxg7 Kxg7 17. Ra3 f6 18. Rc3 Qb6+ 19. Qd4 Rdc8 20. Bc4 a6 21. bxa6 bxa6 22. Qxb6 Nxb6 23. Be6 Rxc3 24. bxc3 Na4 25. Rb1 Ra7 26. Kf2 Nxc3 27. Rb8 h6 28. h4 a5 29. Rc8 Na4 30. g4 Nc5 31. Bc4 Rb7 32. Rg8+ Kh7 33. h5 gxh5 34. gxh5 Rb2 0-1

[Event "Senta op-A 10th"]
[Site "Senta"]
[Date "2006.07.26"]
[Round "7"]
[White "Panic, Milan"]
[Black "Petrusic, Goran"]
[Result "1-0"]
[WhiteElo "2167"]
[BlackElo "2020"]
[PlyCount "87"]
[EventDate "2006.07.21"]
[EventType "swiss"]
[EventRounds "9"]
[EventCountry "YUG"]
[SourceTitle "CBM 113 Extra"]
[Source "ChessBase"]
[SourceDate "2006.09.14"]
[SourceVersion "1"]
[SourceVersionDate "2006.09.14"]
[SourceQuality "1"]

1. d4 Nf6 2. g3 g6 3. Bg2 Bg7 4. e4 d6 5. Ne2 0-0 6. Nbc3 e5 7. h3 exd4 8. Nxd4 Nbd7 9. 0-0 a6 10. Nde2 Rb8 11. g4 b5 12. Ng3 Ne5 13. g5 Nfd7 14. f4 Nc4 15. e5 dxe5 16. f5 f6 17. fxg6 hxg6 18. Bd5+ Rf7 19. gxf6 Bxf6 20. Nge4 Kg7 21. Bxf7 Qh8 22. Be6 Nd6 23. Nxd6 cxd6 24. Bxd7 Bxd7 25. Qxd6 Qxh3 26. Qxf6+ Kh7 27. Qf3 Qf5 28. Qh1+ Qh5 29. Qxh5+ gxh5 30. Rf7+ Kg6 31. Rxd7 Kf5 32. Be3 Rg8+ 33. Kf2 h4 34. Rh1 Rh8 35. Rd6 b4 36. Ne2 a5 37. Rh6 Rc8 38. c3 Ke4 39. R1xh4+ Kd3 40. Rd6+ Kc2 41. Rd2+ Kb1 42. b3 Rf8+ 43. Nf4 exf4 44. Rh1# 1-0

[Event "Senta op-A 10th"]
[Site "Senta"]
[Date "2006.07.25"]
[Round "6"]
[White "Balog, Imre1111"]
[Black "Panic, Milan"]
[Result "1-0"]
[WhiteElo "2265"]
[BlackElo "2167"]
[PlyCount "90"]
[EventDate "2006.07.21"]
[EventType "swiss"]
[EventRounds "9"]
[EventCountry "YUG"]
[SourceTitle "CBM 113 Extra"]
[Source "ChessBase"]
[SourceDate "2006.09.14"]
[SourceVersion "1"]
[SourceVersionDate "2006.09.14"]
[SourceQuality "1"]

1. d4 d5 2. c4 c6 3. Nf3 Nf6 4. Nc3 Qb6 5. g3 Bf5 6. Bg2 e6 7. 0-0 Be7 8. c5 Qc7 9. Bf4 Qc8 10. b4 0-0 11. a4 Nbd7 12. Nh4 Bg4 13. h3 Bh5 14. g4 Bg6 15. Nxg6 fxg6 16. Bg3 g5 17. Qd2 h6 18. Qe3 Nb8 19. f4 Nh7 20. f5 Bf6 21. fxe6 Re8 22. Qd3 Na6 23. Rab1 Nc7 24. e4 Nxe6 25. exd5 Bxd4+ 26. Kh1 Bxc3 27. dxc6 bxc6 28. Qxc3 Nf4 29. Bxf4 gxf4 30. Qc4+ Qe6 31. Qxe6+ Rxe6 32. b5 Rf8 33. Bxc6 Re5 34. Rbc1 Ng5 35. b6 axb6 36. cxb6 Re3 37. Bd5+ Kh7 38. Rf2 Rxh3+ 39. Rh2 Rd3 40. Bc4 Rg3 41. Rg2 Rh3+ 42. Rh2 Rg3 43. b7 f3 44. Bd3+ g6 45. Rc7+ Kg8 1-0

[Event "Senta op 9th"]
[Site "Senta"]
[Date "2005.07.17"]
[Round "5"]
[White "Panic, Milan"]
[Black "Nestorovic, Lazar"]
[Result "1-0"]
[WhiteElo "2168"]
[BlackElo "1983"]
[PlyCount "47"]
[EventDate "2005.07.15"]
[EventType "swiss"]
[EventRounds "9"]
[EventCountry "SRB"]
[SourceTitle "EXT 2023"]
[Source "ChessBase"]
[SourceDate "2022.10.05"]
[SourceVersion "1"]
[SourceVersionDate "2022.10.05"]
[SourceQuality "1"]

1. e4 c5 2. Nf3 e6 3. d4 cxd4 4. Nxd4 Nf6 5. Nc3 d6 6. Be3 a6 7. f3 Be7 8. Qd2 Qc7 9. 0-0-0 Nbd7 10. g4 Ne5 11. g5 Nfd7 12. b3 b5 13. Bh3 Nc5 14. f4 Nc6 15. Nxc6 Qxc6 16. Bg2 b4 17. Ne2 a5 18. e5 d5 19. f5 Ba6 20. Nf4 a4 21. Nxd5 exd5 22. Bxd5 Qc8 23. Bxa8 Qxa8 24. Bxc5 1-0